|
|
|
|
| LEADER |
00000nam a2200000 4500 |
| 001 |
vtls012019929 |
| 003 |
SK-MaSNL |
| 005 |
20260301191125.0 |
| 008 |
210407t1769 gw a r 001 0 lat |
| 015 |
|
|
|a SNBHFA1769
|
| 040 |
|
|
|a SNKHF
|b slo
|c SNK
|e rda
|
| 041 |
|
|
|a lat
|
| 044 |
|
|
|a gw
|c DE
|
| 072 |
|
7 |
|a 81
|x Lingvistika. Jazyky
|2 konspekt
|
| 080 |
|
|
|a 81
|2 2011
|
| 100 |
1 |
|
|a Ernesti, Johann August,
|d 1707-1781
|4 aut
|9 311567
|
| 245 |
1 |
0 |
|a Io. Avgvsti Ernesti Clavis Ciceroniana Sive Indices
|b Rervm Et Verborvm Philologico - Critici In Opera Ciceronis Accedvnt Graeca Ciceronis Necessariis Observationibvs Illvstrata
|
| 246 |
3 |
0 |
|a Clavis Ciceroniana Sive Indices
|b Rervm Et Verborvm Philologico - Critici In Opera Ciceronis Accedvnt Graeca Ciceronis Necessariis Observationibvs Illvstrata
|
| 250 |
|
|
|a Editio Tertia Longe Avctior
|
| 264 |
|
3 |
|a Halae
|b Impensis Orphanotrophei
|c MDCCLXVIIII (1769)
|
| 300 |
|
|
|a asi 738 nečíslovaných strán
|c 21 cm
|
| 336 |
|
|
|a text
|b txt
|2 rdacontent
|
| 337 |
|
|
|a bez média
|b n
|2 rdamedia
|
| 338 |
|
|
|a zväzok
|b nc
|2 rdacarier
|
| 500 |
|
|
|a Kustody, koncová vineta, ilustrovaný titulný list, iniciály na 8 riadkov
|
| 504 |
|
|
|a Register
|
| 563 |
|
|
|a Väzba pôvodná kožená.
|5 SNK IC 145564
|
| 650 |
0 |
7 |
|a jazyk
|2 SNKPH
|9 22980
|
| 710 |
2 |
|
|a Bibliotheca Orphanotrophei Halensis (Halle, Nemecko)
|4 prt
|9 567306
|
| 752 |
|
|
|a Nemecko
|d Halle
|
| 852 |
|
|
|a snk
|b Aponiovská knižnica
|p ID 102054
|
| 958 |
|
|
|a DD
|
| 958 |
|
|
|a ONDV
|
| 999 |
|
|
|c 870010
|d 871940
|
| 952 |
|
|
|t Op. II/79
|a SNK
|b SNK
|c SNK_HF
|y PREZ
|7 0
|p 17A1397242
|o snkIC 145564
|i snk2021/2603
|8 5
|0 0
|1 0
|4 0
|d 2021-04-08
|l 0
|r 2026-02-24 05:39:28
|w 2026-02-24
|